<?xml version="1.0" encoding="UTF-8"?>
<record
    xmlns:xsi="http://www.w3.org/2001/XMLSchema-instance"
    xsi:schemaLocation="http://www.loc.gov/MARC21/slim http://www.loc.gov/standards/marcxml/schema/MARC21slim.xsd"
    xmlns="http://www.loc.gov/MARC21/slim">

  <leader>00636nam a22001337a 4500</leader>
  <datafield tag="040" ind1=" " ind2=" ">
    <subfield code="c">RUA</subfield>
  </datafield>
  <datafield tag="082" ind1=" " ind2=" ">
    <subfield code="a">RUB SOK 2015 B476 Or.1</subfield>
  </datafield>
  <datafield tag="100" ind1=" " ind2=" ">
    <subfield code="a">SOK CHANTON; &#x179F;&#x17BB;&#x1781;&#x200B; &#x1785;&#x1793;&#x17D2;&#x1790;&#x1793;</subfield>
  </datafield>
  <datafield tag="245" ind1=" " ind2=" ">
    <subfield code="a">Growth and latex yield on 4 rubber clones in swift resources (cambodia) limited, &#x1780;&#x17B6;&#x179A;&#x179B;&#x17BC;&#x178F;&#x179B;&#x17B6;&#x179F;&#x17CB;&#x1793;&#x17B7;&#x1784;&#x1791;&#x17B7;&#x1793;&#x17D2;&#x1793;&#x1795;&#x179B;&#x1787;&#x17D0;&#x179A;&#x1780;&#x17C5;&#x179F;&#x17CA;&#x17BC;&#x1785;&#x17C6;&#x1793;&#x17BD;&#x1793; &#x17E4;&#x1780;&#x17D2;&#x179B;&#x17BC;&#x1793; &#x1793;&#x17C5;&#x1780;&#x17D2;&#x1793;&#x17BB;&#x1784;&#x1780;&#x17D2;&#x179A;&#x17BB;&#x1798;&#x17A0;&#x17CA;&#x17BB;&#x1793;&#x179F;&#x17D2;&#x179C;&#x17B8;&#x17A0;&#x17D2;&#x179C;&#x179A;&#x17B8;&#x179F;&#x179F;&#x17CF; (&#x1781;&#x17C1;&#x1798;&#x1794;&#x17BC;&#x178C;&#x17B6;) &#x179B;&#x17B8;&#x1798;&#x17B8;&#x1792;&#x17B8;&#x178F;</subfield>
  </datafield>
  <datafield tag="260" ind1=" " ind2=" ">
    <subfield code="a">RUA</subfield>
    <subfield code="b">SOK</subfield>
    <subfield code="c">2015</subfield>
  </datafield>
  <datafield tag="300" ind1=" " ind2=" ">
    <subfield code="a">xi,53p.</subfield>
    <subfield code="b">ill.</subfield>
    <subfield code="c">29cm.</subfield>
  </datafield>
  <datafield tag="856" ind1=" " ind2=" ">
    <subfield code="u"> SOK CHANTON</subfield>
  </datafield>
  <datafield tag="942" ind1=" " ind2=" ">
    <subfield code="c">RUB</subfield>
  </datafield>
  <datafield tag="999" ind1=" " ind2=" ">
    <subfield code="c">10437</subfield>
    <subfield code="d">10437</subfield>
  </datafield>
  <datafield tag="952" ind1=" " ind2=" ">
    <subfield code="0">0</subfield>
    <subfield code="1">0</subfield>
    <subfield code="2">ddc</subfield>
    <subfield code="4">0</subfield>
    <subfield code="6">RUB_SOK_2015_000000000000000_B476_OR_1</subfield>
    <subfield code="7">0</subfield>
    <subfield code="9">53609</subfield>
    <subfield code="a">LBB</subfield>
    <subfield code="b">LBB</subfield>
    <subfield code="c">B484</subfield>
    <subfield code="d">2016-10-22</subfield>
    <subfield code="o">RUB SOK 2015 B476 Or.1</subfield>
    <subfield code="p">A00594</subfield>
    <subfield code="r">2016-10-22</subfield>
    <subfield code="w">2016-10-22</subfield>
    <subfield code="y">RUB</subfield>
  </datafield>
  <datafield tag="952" ind1=" " ind2=" ">
    <subfield code="0">0</subfield>
    <subfield code="1">0</subfield>
    <subfield code="2">ddc</subfield>
    <subfield code="4">0</subfield>
    <subfield code="6">RUB_SOK_2015_000000000000000_B476_OR_2</subfield>
    <subfield code="7">0</subfield>
    <subfield code="9">53610</subfield>
    <subfield code="a">LBB</subfield>
    <subfield code="b">LBB</subfield>
    <subfield code="c">B484</subfield>
    <subfield code="d">2016-10-22</subfield>
    <subfield code="o">RUB SOK 2015 B476 Or.2</subfield>
    <subfield code="p">A00065</subfield>
    <subfield code="r">2016-10-22</subfield>
    <subfield code="w">2016-10-22</subfield>
    <subfield code="y">RUB</subfield>
  </datafield>
  <datafield tag="952" ind1=" " ind2=" ">
    <subfield code="0">0</subfield>
    <subfield code="1">0</subfield>
    <subfield code="2">ddc</subfield>
    <subfield code="4">0</subfield>
    <subfield code="6">RUB_SOK_2015_000000000000000_B476_OR_3</subfield>
    <subfield code="7">0</subfield>
    <subfield code="9">53611</subfield>
    <subfield code="a">LBB</subfield>
    <subfield code="b">LBB</subfield>
    <subfield code="c">B484</subfield>
    <subfield code="d">2016-10-22</subfield>
    <subfield code="o">RUB SOK 2015 B476 Or.3</subfield>
    <subfield code="p">A00239</subfield>
    <subfield code="r">2016-10-22</subfield>
    <subfield code="w">2016-10-22</subfield>
    <subfield code="y">RUB</subfield>
  </datafield>
  <datafield tag="952" ind1=" " ind2=" ">
    <subfield code="0">0</subfield>
    <subfield code="1">0</subfield>
    <subfield code="2">ddc</subfield>
    <subfield code="4">0</subfield>
    <subfield code="6">RUB_SOK_2015_000000000000000_B476_OR_4</subfield>
    <subfield code="7">0</subfield>
    <subfield code="9">53612</subfield>
    <subfield code="a">LBB</subfield>
    <subfield code="b">LBB</subfield>
    <subfield code="c">B484</subfield>
    <subfield code="d">2016-10-22</subfield>
    <subfield code="o">RUB SOK 2015 B476 Or.4</subfield>
    <subfield code="p">A00001</subfield>
    <subfield code="r">2016-10-22</subfield>
    <subfield code="w">2016-10-22</subfield>
    <subfield code="y">RUB</subfield>
  </datafield>
  <datafield tag="952" ind1=" " ind2=" ">
    <subfield code="0">0</subfield>
    <subfield code="1">0</subfield>
    <subfield code="2">ddc</subfield>
    <subfield code="4">0</subfield>
    <subfield code="6">RUB_SOK_2015_000000000000000_B476_OR_5</subfield>
    <subfield code="7">0</subfield>
    <subfield code="9">53613</subfield>
    <subfield code="a">LBB</subfield>
    <subfield code="b">LBB</subfield>
    <subfield code="c">B484</subfield>
    <subfield code="d">2016-10-22</subfield>
    <subfield code="o">RUB SOK 2015 B476 Or.5</subfield>
    <subfield code="p">A00161</subfield>
    <subfield code="r">2016-10-22</subfield>
    <subfield code="w">2016-10-22</subfield>
    <subfield code="y">RUB</subfield>
  </datafield>
  <datafield tag="952" ind1=" " ind2=" ">
    <subfield code="0">0</subfield>
    <subfield code="1">0</subfield>
    <subfield code="2">ddc</subfield>
    <subfield code="4">0</subfield>
    <subfield code="6">RUB_SOK_2015_000000000000000_B476_OR_6</subfield>
    <subfield code="7">0</subfield>
    <subfield code="9">53614</subfield>
    <subfield code="a">LBB</subfield>
    <subfield code="b">LBB</subfield>
    <subfield code="c">B484</subfield>
    <subfield code="d">2016-10-22</subfield>
    <subfield code="o">RUB SOK 2015 B476 Or.6</subfield>
    <subfield code="p">A00741</subfield>
    <subfield code="r">2016-10-22</subfield>
    <subfield code="w">2016-10-22</subfield>
    <subfield code="y">RUB</subfield>
  </datafield>
  <datafield tag="952" ind1=" " ind2=" ">
    <subfield code="0">0</subfield>
    <subfield code="1">0</subfield>
    <subfield code="2">ddc</subfield>
    <subfield code="4">0</subfield>
    <subfield code="6">RUB_SOK_2015_000000000000000_B476_OR_7</subfield>
    <subfield code="7">0</subfield>
    <subfield code="9">53615</subfield>
    <subfield code="a">LBB</subfield>
    <subfield code="b">LBB</subfield>
    <subfield code="c">B484</subfield>
    <subfield code="d">2016-10-22</subfield>
    <subfield code="o">RUB SOK 2015 B476 Or.7</subfield>
    <subfield code="p">A00121</subfield>
    <subfield code="r">2016-10-22</subfield>
    <subfield code="w">2016-10-22</subfield>
    <subfield code="y">RUB</subfield>
  </datafield>
  <datafield tag="952" ind1=" " ind2=" ">
    <subfield code="0">0</subfield>
    <subfield code="1">0</subfield>
    <subfield code="2">ddc</subfield>
    <subfield code="4">0</subfield>
    <subfield code="6">RUB_SOK_2015_000000000000000_B476_OR_8</subfield>
    <subfield code="7">0</subfield>
    <subfield code="9">53616</subfield>
    <subfield code="a">LBB</subfield>
    <subfield code="b">LBB</subfield>
    <subfield code="c">B484</subfield>
    <subfield code="d">2016-10-22</subfield>
    <subfield code="o">RUB SOK 2015 B476 Or.8</subfield>
    <subfield code="p">A00046</subfield>
    <subfield code="r">2016-10-22</subfield>
    <subfield code="w">2016-10-22</subfield>
    <subfield code="y">RUB</subfield>
  </datafield>
</record>
